Contemplaciones europeas
Uloženo v:
| Hlavní autor: | |
|---|---|
| Médium: | Kniha |
| Jazyk: | Undetermined |
| Vydáno: |
San Salvador, El Salvador
Ministerio de Cultura
1957
|
| Témata: | |
| Tagy: |
Přidat tag
Žádné tagy, Buďte první, kdo vytvoří štítek k tomuto záznamu!
|
MARC
| LEADER | 00000nam a2200000Ia 4500 | ||
|---|---|---|---|
| 008 | 170316s9999 xx 000 0 und d | ||
| 040 | |a cru BVZT | ||
| 090 | |a 860 M-14c | ||
| 100 | |a Mejía Sánchez, Ernesto | ||
| 245 | |a Contemplaciones europeas | ||
| 260 | |a San Salvador, El Salvador | ||
| 260 | |b Ministerio de Cultura | ||
| 260 | |c 1957 | ||
| 300 | |a 51 páginas | ||
| 650 | |a LITERATURA LATINOAMERICANA | ||
| 942 | 0 | 0 | |0 1 |
| 999 | |c 8914 |d 8914 | ||
